000 00485nam a2200181Ia 4500
001 4353
005 20260306145749.0
008 260306t2016||||xx |||||||||||||| ||spa||
041 _aESP
082 _a320.985
_bC265
100 _aConsorcio de Investigación Económica y Social
_eAUT
245 0 _aDocumentos de política. Hacia un mejor gobierno 2016-2021:
_bversiones resumidas
260 _c2016
300 _a
_c
650 _aGEN
654 _aCDE
942 _cLIB
_dJUS
_fJUS
_2ddc
_n
999 _c4353
_d4353